| 000 | 01079nam a2200313 a 4500 | ||
|---|---|---|---|
| 001 | 000048135 | ||
| 003 | DO-SdBPM | ||
| 005 | 20251125125140.0 | ||
| 008 | 181120s2018 dr ac 000 p spa d | ||
| 020 | _a9781720350569 | ||
| 040 |
_aDO-SdBPM _bspa _cBPMSU _drda |
||
| 082 | 4 |
_aRD861.44 _bM336a 2018 _222 |
|
| 100 | 1 |
_aMatos, Juan, _d1955- _eautor _4aut. |
|
| 245 | 1 | 0 |
_aAzúcar, cayo y puerto : _bla Epopeya del Batey Central Barahona / _cJuan Matos. |
| 250 | _a3a ed. | ||
| 264 |
_a[Santo Domingo] : _bBooks&Smith, _c2018. |
||
| 300 |
_a92 páginas : _bilustraciones, retratos ; _c21 cm. |
||
| 336 |
_atexto _btxt _2rdacontent |
||
| 337 |
_asin mediación _bn _2rdamedia |
||
| 338 |
_avolumen _bnc _2rdacarrier |
||
| 500 | _aEdición dedicada al Primer Centenario del Batey Central Barahona | ||
| 500 | _aIncluye datos biográficos del autor en las solapas | ||
| 590 | _aInventariado, 2025/VM | ||
| 650 | 7 | _aPoesía dominicana | |
| 650 | 7 | _aLiteratura dominicana. | |
| 650 | z | _aDominican literature | |
| 910 | _aVMateo V. Control de calidad. BPMSU | ||
| 942 |
_2ddc _cBK |
||
| 999 |
_c15544 _d15544 |
||